Tradície, na ktorých budujeme (k 50. výročiu Kultúrnej spartakiády FRTJ)

Podrobná bibliografia
Hlavný autor: Perútka, Jaromír, 1930-2003 (Autor)
Médium: Článok
Jazyk:slovenčina
Predmet:

MARC

LEADER 00000nab a2200000 ar4500
001 vtls009356447
003 SK-MaSNL
005 20260303201112.0
008 081103c19730730xo wr|||||||||000 b|slo
015 |a SNBRB1973  |2 snkbucl 
038 |a SNKBUCL 
040 |a SNKBUCL  |b slo  |c SNKBUCL  |e AACR2 
041 0 |a slo 
044 |a xo  |c SK 
080 |a 796.034.2  |2 2001 
100 1 |a Perútka, Jaromír,  |d 1930-2003  |4 aut  |9 170243 
245 1 0 |a Tradície, na ktorých budujeme  |b (k 50. výročiu Kultúrnej spartakiády FRTJ)  |c J. Perútka 
650 0 7 |a šport  |2 snkbucl  |9 1042 
650 0 7 |a spartakiády  |2 snkbucl  |9 3276 
650 0 7 |a 50. výročie  |2 snkbucl  |9 1037751 
773 0 |t Pravda  |g (30.7.1973), s. 5 
852 |a SNK  |b KIS3GCP 
999 |c 2171925  |d 2173855